Khảo sát đặc tính hình thái và di truyền của các giống thanh trà (Bouea oppositifoliac (Roxb.) Meisn.) tại thị xã Bình Minh, tỉnh Vĩnh Long : Luận văn tốt nghiệp Cao học. Chuyên ngành Khoa học cây trồng

Đề tài nghiên cứu nhằm đánh giá đặc tính hình thái và di truyền của các giống thanh trà.

Na minha lista:
Detalhes bibliográficos
Autor principal: Lê, Y Phụng
Formato: Livro
Idioma:Undetermined
Publicado em: Cần Thơ Trường Đại học Cần Thơ 2017
Assuntos:
Tags: Adicionar Tag
Sem tags, seja o primeiro a adicionar uma tag!
Thư viện lưu trữ: Trung tâm Học liệu Trường Đại học Cần Thơ
LEADER 00999nam a2200205Ia 4500
001 CTU_224476
008 210402s9999 xx 000 0 und d
082 |a 634.44 
082 |b Ph513 
100 |a Lê, Y Phụng 
245 0 |a Khảo sát đặc tính hình thái và di truyền của các giống thanh trà (Bouea oppositifoliac (Roxb.) Meisn.) tại thị xã Bình Minh, tỉnh Vĩnh Long : 
245 0 |b Luận văn tốt nghiệp Cao học. Chuyên ngành Khoa học cây trồng 
245 0 |c Lê Y Phụng ; Huỳnh Kỳ, Trần Văn Hâu (Cán bộ hướng dẫn) 
260 |a Cần Thơ 
260 |b Trường Đại học Cần Thơ 
260 |c 2017 
520 |a Đề tài nghiên cứu nhằm đánh giá đặc tính hình thái và di truyền của các giống thanh trà. 
650 |a Fruit trees,Cây ăn quả 
904 |i Hải 
980 |a Trung tâm Học liệu Trường Đại học Cần Thơ